| 000 | 00704nam a22002297a 4500 | ||
|---|---|---|---|
| 999 |
_c6290 _d6290 |
||
| 003 | AR-CdUCM | ||
| 008 | 190314b ||||| |||| 00| 0 spa d | ||
| 040 |
_aMUNICIPALIDAD PROVINCIAL DEL CUSCO _cBIBLIOTECA MUNICIPAL DEL CUSCO |
||
| 082 |
_a869.94 / _bC38 |
||
| 100 |
_aCeballos Condarco, Edgar _918051 |
||
| 245 | _aMundo extraño / | ||
| 260 |
_aCochabamba : _bImagen, _c1971. |
||
| 300 |
_a109 paginas ; _c17 cm. |
||
| 440 |
_aColección PREMIO de NOVELA ¨Erich Guttentag¨ _918052 |
||
| 500 | _aDonación familia Nieto | ||
| 505 | _aContenido :Novela / | ||
| 650 |
_aLiteratura latinoamericana _91143 |
||
| 650 |
_aNovela _95 |
||
| 650 |
_aSiglo XX _98 |
||
| 942 |
_2ddc _cLIBROS |
||
| 945 | _arjall | ||